| 000 | 00964cam a22002891 4500 | ||
|---|---|---|---|
| 999 |
_c32999 _d32999 |
||
| 001 | 3599826 | ||
| 003 | ARRUPE | ||
| 005 | 20170802123730.0 | ||
| 008 | 711007s1971 njua b 000 0 eng | ||
| 010 | _a 70132170 | ||
| 020 | _a0137593325 | ||
| 040 |
_aDLC _cDLC _dDLC |
||
| 050 | 0 | 0 |
_aB840 _b.R62 |
| 082 | 0 | 0 | _a149/.94/08 |
| 100 | 1 |
_aRosenberg, Jay F., _ecomp. _934469 |
|
| 245 | 1 | 0 |
_aReadings in the philosophy of language, _cedited by Jay F. Rosenberg and Charles Travis. |
| 260 |
_aEnglewood Cliffs, N.J., _bPrentice-Hall _c[1971] |
||
| 300 |
_aviii, 645 p. _billus. _c24 cm. |
||
| 504 | _aIncludes bibliographical references. | ||
| 650 | 0 |
_aAnalysis (Philosophy) _934470 |
|
| 650 | 0 |
_aMeaning (Philosophy) _93257 |
|
| 650 | 0 |
_aLanguage and languages _xPhilosophy. _934471 |
|
| 650 | 0 |
_aSemantics (Philosophy) _934472 |
|
| 700 | 1 |
_aTravis, Charles, _d1943- _934473 |
|
| 740 | 0 | _aPhilosophy of language. | |
| 906 |
_a7 _bcbc _corignew _d2 _encip _f19 _gy-gencatlg |
||
| 942 |
_2lcc _cMONOGRAPH |
||